| 000 | 00611nam a22001937a 4500 | ||
|---|---|---|---|
| 005 | 20251108172718.0 | ||
| 008 | 250721s2001 xx 000 0 ara d | ||
| 082 | 1 | 4 | _a269.354/ساي |
| 100 | 1 |
_aالسايح، أحمد عبد الرحيم _eمؤلف |
|
| 245 | 1 | 0 | _aقضايا بيئية من منظور إسلامي / |
| 264 | 1 |
_aالقاهرة : _bدار الندى، _c2001. |
|
| 300 | _a276ص | ||
| 650 | 1 | 7 | _aالإسلام |
| 650 | 1 | 7 | _aتلوث البيئة |
| 650 | 1 | 7 | _aحماية البيئة |
| 700 | 1 |
_aعوض، أحمد عبده _eمؤلف مشارك |
|
| 942 |
_2ddc _cBK |
||
| 999 |
_c86570 _d86570 |
||